Weit über das Land : Roman /

Bibliographic Details
Main Author: Stamm, Peter, 1963- (Author)
Format: Book
Language:German
Published: Frankfurt am Main : S. Fischer, [2016]

MARC

Tag First Indicator Second Indicator Subfields
LEADER 00000cam a2200000Ii 4500
001 in00003765249
005 20160613093506.0
008 160226t20162016gw 000 f ger d
035 |a (OCoLC)ocn941729832 
040 |a OHX  |b eng  |e rda  |c OHX  |d INU  |d ZCU  |d TXA 
016 7 |a 1078035938  |2 GyFmDB 
016 7 |a 1078035938  |2 DE-101 
020 |a 9783100022271  |q (hardcover) 
020 |a 3100022270  |q (hardcover) 
024 3 |a 9783100022271 
035 |a (OCoLC)941729832 
050 4 |a PT2681.T3234  |b W45 2016 
072 7 |a PT  |2 lcco 
049 |a TXAM 
100 1 |a Stamm, Peter,  |d 1963-  |e author. 
245 1 0 |a Weit über das Land :  |b Roman /  |c Peter Stamm. 
264 1 |a Frankfurt am Main :  |b S. Fischer,  |c [2016] 
264 4 |c ©2016 
300 |a 222 pages ;  |c 21 cm 
336 |a text  |b txt  |2 rdacontent 
337 |a unmediated  |b n  |2 rdamedia 
338 |a volume  |b nc  |2 rdacarrier 
994 |a C0  |b TXA 
948 |a cataloged  |b h  |c 2016/6/13  |d c  |e jlanham  |f 9:34:58 am 
999 f f |s 5cfe166a-1a77-3709-bff7-3d59ccca3729  |i ebe97e88-0f4a-3279-8d0f-5084f961aa52  |t 0 
952 f f |p normal  |a Texas A&M University  |b College Station  |c Sterling C. Evans Library  |d Evans: Library Stacks  |t 0  |e PT2681.T3234 W45 2016  |h Library of Congress classification  |i unmediated -- volume  |m A14843559718 
998 f f |a PT2681.T3234 W45 2016  |t 0  |l Evans: Library Stacks